Revolución socialista y contrarrevolución burocrática / (Record no. 105894)

MARC details
000 -LEADER
campo de control de longitud fija 01082nam a2200325 i 4500
001 - NÚMERO DE CONTROL
campo de control 105894
003 - IDENTIFICADOR DE NÚMERO DE CONTROL
campo de control ES-MaACL
007 - CAMPO FIJO DE DESCRIPCIÓN FÍSICA--INFORMACIÓN GENERAL
campo de control de longitud fija t|
008 - DATOS DE LONGITUD FIJA--INFORMACIÓN GENERAL
campo de control de longitud fija 060908s1978 sp ||||1| spa d
020 ## - NÚMERO INTERNACIONAL ESTÁNDAR DEL LIBRO
Número Internacional Estándar del Libro 84-7367-071-X
080 ## - NÚMERO DE LA CLASIFICACIÓN DECIMAL UNIVERSAL
Número de la Clasificación Decimal Universal 947"1917/21"
080 ## - NÚMERO DE LA CLASIFICACIÓN DECIMAL UNIVERSAL
Número de la Clasificación Decimal Universal 32(47)"1922"
080 ## - NÚMERO DE LA CLASIFICACIÓN DECIMAL UNIVERSAL
Número de la Clasificación Decimal Universal 330.84/.86(4-11)
100 1# - ENTRADA PRINCIPAL--NOMBRE DE PERSONA
Nombre de persona Bensaïd, Daniel.
9 (RLIN) 27772
245 10 - MENCIÓN DEL TÍTULO
Título Revolución socialista y contrarrevolución burocrática /
Mención de responsabilidad, etc. Daniel Bensaïd ; [traducción, Edmundo Espina].
250 ## - MENCION DE EDICION
Mención de edición 1ª ed.
260 ## - PUBLICACIÓN, DISTRIBUCIÓN, ETC.
Lugar de publicación, distribución, etc. Barcelona :
Nombre del editor, distribuidor, etc. Fontamara,
Fecha de publicación, distribución, etc. 1978.
300 ## - DESCRIPCIÓN FÍSICA
Extensión 95 p. ;
Dimensiones 18 cm.
490 1# - MENCIÓN DE SERIE
Mención de serie Aportes ;
Designación de volumen o secuencia 8
500 ## - NOTA GENERAL
Nota general Biblioteca Juan Andrade.
505 8# - NOTA DE CONTENIDO CON FORMATO
Nota de contenido con formato Apéndice de León Trotsky: ¿Un estado obrero y no burgués?
650 14 - PUNTO DE ACCESO ADICIONAL DE MATERIA--TÉRMINO DE MATERIA
Término de materia o nombre geográfico como elemento de entrada Socialismo-
Subdivisión geográfica Europa oriental.
9 (RLIN) 17160
651 #4 - PUNTO DE ACCESO ADICIONAL DE MATERIA--NOMBRE GEOGRÁFICO
Nombre geográfico Rusia-
Subdivisión general Historia-
Subdivisión cronológica 1917-1921, Revolución.
9 (RLIN) 9336
651 #4 - PUNTO DE ACCESO ADICIONAL DE MATERIA--NOMBRE GEOGRÁFICO
Nombre geográfico URSS-
Subdivisión general Historia-
Subdivisión cronológica 1922-1936.
9 (RLIN) 9471
700 1# - ENTRADA AGREGADA--NOMBRE PERSONAL
Nombre de persona Espina, Edmundo.
9 (RLIN) 47835
700 1# - ENTRADA AGREGADA--NOMBRE PERSONAL
Nombre de persona Trotsky, Leon,
Fechas asociadas al nombre 1879-1940
9 (RLIN) 240350
830 0# - PUNTO DE ACCESO ADICIONAL DE SERIE-TÍTULO UNIFORME
Título uniforme Aportes ;
Designación de volumen o secuencia 8
9 (RLIN) 185117
852 ## - LOCALIZACIÓN
Ubicación ES-MaACL
Número de control de estantería AND-918
Sublocalización o colección R.110206
Holdings
Estatus retirado Estado de pérdida Estado de daño No para préstamo Biblioteca de origen Biblioteca actual Ubicación en estantería Fecha de adquisición Fuente de adquisición Total de préstamos Signatura topográfica completa Código de barras Visto por última vez Precio de reemplazo Tipo de ítem Koha
        Biblioteca del Ateneo de Madrid Biblioteca del Ateneo de Madrid Depósito 2 17/01/2008     AND-918 1110553 23/02/2023 23/02/2023 Libro impreso